000 00939nam a2200301 i 4500
003 EG-GICUC
005 20260420112446.0
008 260420s1910 fr fr|||| 000 0 fre d
040 _aEG-GiCUC
_bfre
_cEG-GiCUC
_dEG-GiCUC
_eRda
041 _afre
082 0 4 _221
_a343.3
_bGA . L
092 0 4 _221
099 _aLAW1 10 343.3 GA . L 1 ed - 1910
100 1 _aGrandmoulin . J
_eAuteur
245 _aLa Procédure Pénale Égyptienne,
_nTome Premier/
_cPar J. Grandmoulin.
264 _aLe Caire :
_bImprimerie Nationale,
_c1910.
300 _a406 page ;
_c 24 cm.
336 _2rda contenu
_a texte
337 _2rda medias
_aOrdinateur
338 _2 transporteur rda
_a Ressource en ligne
500 _aTome Premier.
546 _aTexte en français
650 1 4 _aLa Procédure Pénale.
_2qrmak
651 1 _2qrmak
856 4 0 _uhttps://fll.law.cu.edu.eg/fulltext/bks/B10-10322.pdf
905 _a171
942 _2ddc
_cBK
_e21
_n0
999 _c72086
_d72086